| 000 | 01322nam a2200337Ia 4500 | ||
|---|---|---|---|
| 001 | ebr10675834 | ||
| 003 | CaPaEBR | ||
| 006 | m u | ||
| 007 | cr cn||||||||| | ||
| 008 | 081015s2009 caua sb s001 0 eng d | ||
| 010 | _z 2008043143 | ||
| 020 | _z9780520249721 (cloth : alk. paper) | ||
| 020 | _z0520249720 (cloth : alk. paper) | ||
| 020 | _z9780520943766 | ||
| 040 |
_aCaPaEBR _cCaPaEBR |
||
| 035 | _a(OCoLC)670278204 | ||
| 050 | 1 | 4 |
_aQL620 _b.M52 2009eb |
| 082 | 0 | 4 |
_a597.156 _222 |
| 100 | 1 | _aMiller, Bruce S. | |
| 245 | 1 | 0 |
_aEarly life history of marine fishes _h[electronic resource] / _cBruce S. Miller, Arthur W. Kendall, Jr. |
| 260 |
_aBerkeley, Calif. : _bUniversity of California Press, _cc2009. |
||
| 300 |
_axii, 364 p. : _bill. |
||
| 504 | _aIncludes bibliographical references (p. 303-340) and indexes. | ||
| 533 |
_aElectronic reproduction. _bPalo Alto, Calif. : _cebrary, _d2013. _nAvailable via World Wide Web. _nAccess may be limited to ebrary affiliated libraries. |
||
| 650 | 0 |
_aMarine fishes _xEggs. |
|
| 650 | 0 |
_aMarine fishes _xLarvae. |
|
| 655 | 7 |
_aElectronic books. _2local |
|
| 700 | 1 | _aKendall, Arthur W. | |
| 710 | 2 | _aebrary, Inc. | |
| 856 | 4 | 0 |
_uhttp://site.ebrary.com/lib/rucke/Doc?id=10675834 _zAn electronic book accessible through the World Wide Web; click to view |
| 999 |
_c58340 _d58340 |
||